| 000 | 01007nmc a2200385 a 4500 | ||
|---|---|---|---|
| 003 | AR-BaBNM | ||
| 005 | 20251128204757.0 | ||
| 008 | 215119s1993 ||||||||||||||000 | spa|| | ||
| 020 | _a968-16-1158-6 | ||
| 040 | _cAR-BaBNM | ||
| 100 | 1 | _aMoorhouse, A.C. | |
| 245 | 1 | 0 | _aHistoria del alfabeto |
| 250 | _a1ª ed. | ||
| 260 |
_aMéxico, D.F. _bFondo de Cultura Económica _c1993 |
||
| 300 | 0 |
_a307 p. _bil. |
|
| 490 | 0 |
_aBreviarios _vv. 160 |
|
| 500 | 0 | _aContiene índice bibliográfico en p. 297-300 | |
| 650 | 4 | _aHISTORIA | |
| 650 | 4 | _aESCRITURA | |
| 650 | 4 | _aALFABETOS | |
| 650 | 4 | _aEVOLUCION | |
| 650 | 4 | _aJEROGLIFICOS | |
| 650 | 4 | _aSEMITAS | |
| 650 | 4 | _aLENGUAS ESCRITAS | |
| 650 | 4 | _aESCRITURAS IDEOGRAFICAS | |
| 650 | 4 | _aESCRITURAS PICTOGRAFICAS | |
| 650 | 4 | _aESCRITURA CUNEIFORME | |
| 650 | 4 | _aESCRITURA MANUSCRITA | |
| 650 | 4 | _aESCRITURA FONETICA | |
| 651 | 4 | _aMéxico | |
| 651 | 4 | _aEgipto | |
| 700 | 1 |
_aVillegas, Carlos _etraductor |
|
| 942 | _cBK | ||
| 998 | _cGLORIA | ||
| 999 |
_c8781 _d8781 |
||